[Event "45th Olympiad Budapest 2024"]
[Site "Budapest"]
[Date "2024.09.19"]
[Round "8"]
[Board "3"]
[White "Karabo, Mokete"]
[Black "Mahor Jr, Manuel"]
[Result "1/2-1/2"]
[WhiteElo "1836"]
[BlackElo "1759"]
[PlyCount "113"]
[EventDate "2024.09.11"]
[EventType "team-tourn"]
[EventRounds "11"]
[EventCountry "HUN"]
[WhiteTeam "Lesotho"]
[BlackTeam "Palau"]
[WhiteTeamCountry "LES"]
[BlackTeamCountry "PAL"]

1. d4 d6 2. Nf3 g6 3. g3 Bg7 4. Bg2 Nf6 5. c4 O-O 6. O-O Nbd7 7. Nc3 c5 8. d5 Nb6 9. Nd2 Rb8 ({RR} 9... e5 10. a3 a5 11. Rb1 a4 12. b4 axb3 13. Qxb3 Ra6 14. e4 Ne8 15. Qc2 f5 16. exf5 gxf5 17. Nb5 f4 18. Be4 Bh3 19. Re1 h5 20. Rb3 Qg5 21. Nf3 Qg4 22. Nh4 Bh6 23. Kh1 Ra4 24. Rc3 {1-0 Budrewicz,K (2333)-Kempinski,T (2260) Ostroda op 2008 (5)}) 10. h3 ({RR} 10. a4 Nbd7 11. h3 g5 12. f4 g4 13. h4 Nh5 14. Kh2 f5 15. e4 Ndf6 16. e5 Nxg3 17. exf6 Nxf1+ 18. Nxf1 Rxf6 19. Ng3 Rh6 20. Be3 e5 21. Nf1 Qxh4+ 22. Kg1 exf4 23. Bxf4 Bd4+ 24. Ne3 Bxe3+ {0-1 Begdullayev,T (1643)-Mattenberger,D (1699) SUI-ch U12 Biel 2022 (3)}) 10... e5 11. dxe6 $146 ({RR} 11. a4 Bd7 12. e4 Ne8 13. a5 Nc8 14. Nf3 f5 15. Bg5 Bf6 16. Bh6 Rf7 17. Qd2 Ng7 18. Ng5 Bxg5 19. Bxg5 Qf8 20. f4 Nh5 21. fxe5 dxe5 22. Bh6 Qe7 23. exf5 Nd6 24. g4 Ng7 25. fxg6 hxg6 {1-0 Klopfenstein,G-Jarva,E Nassau CC-ch 1992 (2)}) 11... Bxe6 12. Qb3 d5 13. cxd5 Nfxd5 14. Qa3 Nxc3 15. bxc3 Nd5 16. Ne4 b6 17. Bd2 Qc7 18. Ng5 Rbd8 19. Nxe6 fxe6 20. Rad1 Rd7 21. e4 Ne7 22. Qb3 Kf7 23. Bf4 Qc8 24. h4 Rfd8 25. e5 Nc6 26. Rde1 h6 27. Qa4 Ne7 28. Rd1 Rxd1 29. Rxd1 Rxd1+ 30. Qxd1 Qc7 31. Qd6 Qxd6 32. exd6 Nd5 33. c4 Nxf4 34. gxf4 Bf6 35. h5 g5 36. fxg5 Bxg5 37. Be4 Bd8 38. f4 Kf6 39. Kf2 e5 40. fxe5+ Kxe5 41. Ke3 Kxd6 42. a4 Ke5 43. Kd3 Kf4 44. Bg6 Bf6 45. Be8 Bd4 46. Bg6 Ke5 47. Be8 Kd6 48. Bg6 Kc7 49. Ke4 Kb7 50. Kd5 Ka6 51. Be8 Ka5 52. Bc6 Kb4 53. Bb5 Be3 54. Ke4 Bg1 55. Kd3 Ka5 56. Kc3 a6 57. Be8 1/2-1/2

[Event "45th Olympiad Budapest 2024"]
[Site "Budapest"]
[Date "2024.09.19"]
[Round "8"]
[Board "1"]
[White "Yahi, Mohamed Salem"]
[Black "Fancy, Stuart"]
[Result "0-1"]
[WhiteElo "1868"]
[BlackElo "1921"]
[PlyCount "94"]
[EventDate "2024.09.11"]
[EventType "team-tourn"]
[EventRounds "11"]
[EventCountry "HUN"]
[WhiteTeam "Mauritania"]
[BlackTeam "Papua New Guinea"]
[WhiteTeamCountry "MAU"]
[BlackTeamCountry "PNG"]

1. e4 {Marin,Mihail} Nc6 2. d4 d6 ({RR} 2... d5 3. e5 Bf5) 3. Nf3 Nf6 4. d5 ({RR} 4. Nc3 Bg4 5. d5 ({RR} 5. Be2 g6 6. O-O Bg7) 5... Nb8 ({RR} 5... Bxf3 6. Qxf3 Ne5 7. Qg3 c6 8. f4 Ned7 9. dxc6 bxc6 10. e5 Nd5 11. exd6 exd6 12. Nxd5 cxd5 13. Bd2) 6. h3 Bxf3 7. Qxf3 Nbd7 ({RR} 7... g6) 8. g4 g6 9. Be3 Bg7 10. O-O-O c5 11. Qe2 ({RR} 11. Qg2 b5 12. Bxb5) 11... b5 12. g5 ({RR} 12. Qxb5 Rb8) ({RR} 12. Nxb5 Nxe4) 12... Nh5 13. Nxb5 Rb8 14. c3 Qa5 15. a4 Nb6 ({RR} 15... O-O 16. Qc2 Nb6) 16. Nc7+ Kd8 17. Qa6 Qxa4 ({RR} 17... Bxc3 18. Qxa5 Bxa5 19. Na6 Rc8 20. Bb5) 18. Bb5 Qxa6) ({RR} 4. Bb5 a6 ({RR} 4... Nxe4 5. d5 a6 6. Bd3) ({RR} 4... Bd7 5. Nc3 a6 6. Be2 e5) 5. Ba4 ({RR} 5. Bxc6+ bxc6 6. Qe2) 5... b5 6. Bb3 Nxe4 ({RR} 6... Bg4) ({RR} 6... Bb7) ({RR} 6... Na5) 7. Bd5) 4... Nb8 5. Nc3 ({RR} 5. Bd3 g6 ({RR} 5... Bg4) 6. O-O Bg7 7. c4 O-O 8. Nc3 ({RR} 8. h3 e5 ({RR} 8... Na6 9. Nc3 Nc5 10. Bc2 a5) 9. Nc3 Na6 10. a3 Nh5 11. Re1 Qe8 12. b4 h6 13. c5 f5 14. Bd2 Nf6 15. exf5 gxf5 16. Nh4 e4 17. c6 bxc6 18. Bxa6 Bxa6 19. Nxf5 cxd5 20. Bxh6 Bxh6 21. Nxh6+ Kh7 22. Ng4) 8... Bg4 9. Be2 ({RR} 9. h3 Bxf3 10. Qxf3 Nbd7 11. Qe2 c6 12. Bd2 a5 13. b3 Nc5 14. Bc2 e6 ({RR} 14... Re8) 15. dxe6 ({RR} 15. Rad1) 15... Nxe6 16. Rad1 Nd7 17. Qd3 a4 18. Nxa4 ({RR} 18. Qxd6 axb3 19. axb3 Nd4 20. Rc1 Be5 21. Qb4 b6) 18... Ndc5 19. Nxc5 Nxc5 20. Qg3 Rxa2 21. Bb1 Rb2 22. b4 Ne6) 9... Nfd7 10. Bg5 a5 11. Nd2 Bxe2 12. Qxe2 c6 13. Kh1 a4 14. a3 ({RR} 14. Rac1 Na6 15. f4 ({RR} 15. Nxa4 Nb4) 15... Nac5 16. Nf3 Re8) 14... Nc5 15. f4 Nbd7 16. Nf3 Qc7 17. Rad1 ({RR} 17. Bxe7 Rfe8 18. Bh4 Bxc3 19. bxc3 Nxe4 20. Qc2 cxd5 21. cxd5 Qxc3) 17... Rae8 ({RR} 17... Rfe8 18. e5 f6 ({RR} 18... dxe5 19. fxe5 Nxe5 20. Bf4 f6 21. dxc6 bxc6 22. Ne4 Nxe4 23. Qxe4) 19. e6 fxg5 20. exd7 Qxd7 21. Nxg5 e6) 18. f5 Qa5 ({RR} 18... e6 19. dxe6 fxe6 20. fxg6 hxg6 21. Be3) 19. Na2 Nf6 {½-½ Kasimdzhanov,R (2676)-Carlsen,M (2827) Douglas IoM op 2017 (4)}) 5... g6 6. Be3 Bg7 ({RR} 6... c6 7. Qd2 Bg7 8. O-O-O Bg4 9. Bh6 Bxh6 10. Qxh6 Qb6 11. Rd2 Bxf3 12. gxf3 Nbd7 13. f4 cxd5 14. exd5 Rc8 15. Bg2 Qa5 16. Re1 Rxc3 17. bxc3 Qxc3 18. Rde2 Qa1+ 19. Kd2 Qd4+ 20. Kc1 Qa1+ 21. Kd2 {½-½ Demchenko,A (2609)-Ibarra Jerez,J (2559) Chessable Masters Play-In 2024 (3)}) 7. Be2 $146 ({RR} 7. Bd4 O-O 8. Qd2 c5 9. dxc6 Nxc6 10. Be3 Ng4 11. Bg5 Qb6 12. Rb1 Bxc3 13. Qxc3 Qxf2+ 14. Kd1 f6 15. Bd2 Qb6 16. Ke1 Be6 17. Bc4 Bxc4 18. Qxc4+ Kg7 19. Rf1 Rac8 20. Qe6 Nge5 21. Nxe5 fxe5 {0-1 Saya,E (2104)-Kavutskiy,K (2393) Titled Tue 17th Jan Late 2023 (7)}) ({RR} 7. Qd2 c6 8. O-O-O cxd5 9. exd5 Bg4 10. Bh6 Bxh6 11. Qxh6 Nbd7 12. Bb5 a6 13. Bxd7+ Qxd7 14. Rhe1 Bxf3 15. gxf3 O-O-O 16. Qe3 Rhe8 17. Qa7 Qc7 18. Na4 Qb8 19. Qd4 b5 20. Nc3 Qc7 21. a4 Qc5 {0-1 Perez Candelario,M (2586)-Ibarra Jerez,J (2558) ESP-chT Rapid 2021 (4.2)}) ({RR} 7. Qd2 c6 8. O-O-O Bg4 9. Be2 Nbd7 10. Kb1 Bxf3 11. Bxf3 Qa5 12. Be2 Rc8 13. Bh6 Bxh6 14. Qxh6 cxd5 15. Nxd5 Qc5 {½-½ Pritchett,C (2395)-Wockenfuss,K (2370) Bundesliga 1985/86 (1.1)}) 7... c6 8. h3 cxd5 9. exd5 O-O 10. O-O a6 11. Bc4 Nbd7 12. Rb1 b5 13. Bb3 Nc5 14. Re1 Bb7 15. Bg5 h6 16. Bh4 g5 17. Bg3 Nxb3 18. axb3 b4 19. Ne2 Bxd5 20. Ned4 Qd7 21. Qd2 e5 22. Ne2 a5 23. c4 Bxf3 24. gxf3 Qc6 25. Qe3 Nd7 26. Rbd1 Nc5 27. Nc1 f5 28. Qd2 Rad8 29. Qe2 Ne6 30. Rd5 Nd4 31. Qd3 f4 32. Bh2 a4 33. Rd1 Rc8 34. Ne2 Nf5 35. bxa4 Qxc4 36. b3 Qxd3 37. R1xd3 Rc2 38. Kf1 Rb8 39. Ke1 Kf7 40. Kd1 Ra2 41. Ra5 Ra1+ 42. Kd2 Ke6 43. Rdd5 Rc8 44. Bxf4 Ra2+ 45. Kd3 gxf4 46. Nxf4+ exf4 47. Rxf5 Be5 0-1

[Event "45th Olympiad Budapest 2024"]
[Site "Budapest"]
[Date "2024.09.19"]
[Round "8"]
[Board "2"]
[White "McCoy, Tom"]
[Black "Abdellahi, Khaled Abdellahi"]
[Result "1-0"]
[WhiteElo "1883"]
[BlackElo "1894"]
[PlyCount "108"]
[EventDate "2024.09.11"]
[EventType "team-tourn"]
[EventRounds "11"]
[EventCountry "HUN"]
[WhiteTeam "Papua New Guinea"]
[BlackTeam "Mauritania"]
[WhiteTeamCountry "PNG"]
[BlackTeamCountry "MAU"]

1. e4 c5 2. c3 Nf6 3. e5 Nd5 4. Nf3 Nc6 5. Bc4 Nb6 6. Bb3 d5 7. d4 cxd4 8. cxd4 Bg4 9. Be3 e6 10. O-O Be7 11. a3 O-O 12. Nbd2 ({RR} 12. Bc2 Bh5 13. Nc3 Nc4 14. Bc1 Bxf3 15. gxf3 Re8 16. Qd3 g6 17. b3 Nb6 18. Kh1 Bg5 19. f4 Bh6 20. Rg1 Qh4 21. Ne2 Rac8 22. Be3 Qh3 23. Rg3 Qh4 24. Rag1 Ne7 25. Rg4 Qh3 26. Bd1 Nf5 {1-0 Melaugh,S (2125)-Quispe Santacruz,J (1832) Titled Tue 15th Nov Early 2022 (2)}) 12... Na5 13. Ba2 Rc8 14. Rc1 Qd7 $146 ({RR} 14... Nac4 15. Nxc4 Nxc4 16. Bxc4 dxc4 17. h3 Bh5 18. Rc3 Qd5 19. Qe2 Rc6 20. Rfc1 Rfc8 21. g4 Bg6 22. Nd2 Bd3 23. Qf3 Qb5 24. Ne4 Qxb2 25. Nc5 Bxc5 26. dxc5 Ra6 27. Bd4 Rxa3 28. Qd1 Rxc3 29. Rxc3 {0-1 Kovalev,A (1881)-Nazarov,V (2231) Konakovo Rating 9th 2014 (5)}) ({RR} 14... Nac4 15. Nxc4 Nxc4 16. Bxc4 dxc4 17. h3 Bh5 18. Qe2 Qd5 19. Rfd1 Rfd8 20. g4 Bg6 21. Ne1 b5 22. f3 a5 23. Ng2 Qb7 24. Nf4 Bg5 25. Nxg6 Bxe3+ 26. Qxe3 fxg6 27. Qe4 Rd5 28. Rc2 Rcd8 29. Kf2 {0-1 Sawicki,W (1784)-Nowak,L (1827) Warsaw YMCA Winter 118th 2013 (5)}) 15. Qe2 Rxc1 16. Rxc1 Rc8 17. Rxc8+ Qxc8 18. b4 Nac4 19. Qd3 Bf5 20. Qb3 Nxd2 21. Bxd2 Qc2 22. Qxc2 Bxc2 23. Ne1 Ba4 24. Nd3 Bb5 25. Nc5 Bc4 26. Bb1 Bxc5 27. bxc5 Nd7 28. f4 g6 29. Bc2 Bb5 30. g4 Nb8 31. Bc3 Be2 32. h3 Bb5 33. Kf2 Nc6 34. f5 Ne7 35. fxe6 fxe6 36. Kg3 Kg7 37. h4 h6 38. a4 Bc4 39. Kf4 Nc6 40. g5 h5 41. Bd1 Ne7 42. Bc2 Nc6 43. a5 Ne7 44. Ke3 Bb5 45. Kf4 Kf7 46. Ke3 Ke8 47. Kd2 Kd7 48. Kc1 Be2 49. Ba4+ Kd8 50. Kd2 Bc4 51. a6 bxa6 52. Ba5+ Kc8 53. Be8 Bb5 54. c6 Nxc6 1-0

[Event "45th Olympiad Budapest 2024"]
[Site "Budapest"]
[Date "2024.09.19"]
[Round "8"]
[Board "3"]
[White "Cheikhna, Mohamed Lemine"]
[Black "Jones, Rupert"]
[Result "1/2-1/2"]
[WhiteElo "1884"]
[BlackElo "1849"]
[PlyCount "142"]
[EventDate "2024.09.11"]
[EventType "team-tourn"]
[EventRounds "11"]
[EventCountry "HUN"]
[WhiteTeam "Mauritania"]
[BlackTeam "Papua New Guinea"]
[WhiteTeamCountry "MAU"]
[BlackTeamCountry "PNG"]

1. e4 e6 2. d4 d5 3. exd5 exd5 4. Bd3 Nc6 5. c3 Bd6 6. Qf3 Nf6 7. h3 Ne4 8. Bxe4 ({RR} 8. Bf4 O-O 9. Ne2 f5 10. Nd2 Ne7 11. h4 c5 12. Bxd6 Qxd6 13. dxc5 Nxc5 14. Nb3 Ne4 15. Nf4 Bd7 16. g3 a5 17. Nd4 a4 18. Bxe4 fxe4 19. Qe3 Bg4 20. O-O Nf5 21. Nxf5 Rxf5 22. c4 dxc4 {½-½ Saad,A (2423)-Nikolic,P (2657) Olympiad-34 Istanbul 2000 (1.1)}) ({RR} 8. Ne2 O-O 9. O-O Ne7 10. Bf4 Ng6 11. Bxd6 Qxd6 12. Bxe4 dxe4 13. Qg3 Qb6 14. b3 f5 15. Nf4 Nxf4 16. Qxf4 Qd6 17. Qxd6 cxd6 18. c4 Bd7 19. Nc3 Rac8 20. f3 b5 21. fxe4 bxc4 22. Nd5 Rce8 {1-0 Ishmukhametov,A (2077)-Bulatov,R (2137) FIDE World Rapid Team 2024 (10.26)}) 8... Qe7 9. Qe2 $146 ({RR} 9. Be3 dxe4 10. Qd1 O-O 11. Ne2 f5 12. Qd2 h6 13. Nf4 Bxf4 14. Bxf4 g5 15. Bh2 f4 16. O-O f3 17. g4 Bxg4 18. hxg4 Qe6 19. Bg3 Qxg4 {0-1 Gradalski,B (1629)-Szmer,A Polanica Zdroj op-C 45th 2009 (8)}) ({RR} 9. Ne2 dxe4 10. Qe3 f5 11. O-O O-O 12. f3 Bd7 13. Nd2 exf3 14. Qxe7 Nxe7 15. Nxf3 Bb5 16. Re1 Nd5 17. Ne5 Rae8 18. Nf4 Bxe5 19. Rxe5 Rxe5 20. dxe5 Nxf4 21. Bxf4 Re8 22. h4 Kf7 23. Rd1 Kg6 {0-1 Molenda,M (1716)-Wisniewski,M (1805) Solina Mind Sports U14 op 2012 (8)}) ({RR} 9. Nd2 f5 10. Ne2 dxe4 11. Qh5+ g6 12. Qh6 Be6 13. Nf1 Qf7 14. Nf4 O-O-O 15. Nxe6 Qxe6 16. Bf4 Bf8 17. Qh4 h6 18. g4 g5 19. Bxg5 hxg5 20. Qxh8 Ba3 21. gxf5 Qxf5 22. Ng3 Qf3 23. Qh5 Qxh5 {½-½ Alekseev,A (2337)-Nielsen,L (2241) EU-Cup 32nd Novi Sad 2016 (3.4)}) 9... dxe4 10. Nd2 f5 11. Nc4 O-O 12. Nxd6 Qxd6 13. g3 Be6 14. Bf4 Qe7 15. Qh5 Qf7 16. Qxf7+ Rxf7 17. b3 Rd7 18. O-O-O a5 19. Ne2 b5 20. Kb2 Rad8 21. Bg5 Rc8 22. Be3 Rcd8 23. Bg5 Rb8 24. Be3 h6 25. h4 Ne7 26. Nf4 Bf7 27. Rdg1 Nd5 28. Nxd5 Rxd5 29. g4 fxg4 30. Rxg4 Bh5 31. Rg3 Kh7 32. Rhg1 Rd7 33. Bf4 Rf7 34. Be3 c6 35. Rc1 Be2 36. Rcg1 Bh5 37. Kc2 Rbb7 38. Rb1 Be2 39. Kd2 Bf3 40. Rgg1 Rfd7 41. c4 b4 42. Ra1 Rb8 43. Rgb1 Rf8 44. a3 Rf5 45. axb4 axb4 46. Ra6 Rb7 47. Rba1 Rh5 48. Rxc6 Rxh4 49. d5 Rg4 50. c5 Rd7 51. d6 Rg5 52. Bxg5 e3+ 53. Bxe3 Bxc6 54. Ra6 Bd5 55. Bf4 Rf7 56. Bg3 Bxb3 57. c6 Be6 58. Rb6 b3 59. Rb7 Rf5 60. d7 Rd5+ 61. Ke3 Bxd7 62. Rxd7 Rxd7 63. cxd7 b2 64. d8=Q b1=Q 65. Qd3+ Qxd3+ 66. Kxd3 g5 67. Ke4 Kg6 68. Ke5 h5 69. f3 h4 70. Bh2 g4 71. fxg4 Kg5 1/2-1/2

[Event "45th Olympiad Budapest 2024"]
[Site "Budapest"]
[Date "2024.09.19"]
[Round "8"]
[Board "1"]
[White "Kamara, Ansumana"]
[Black "De Mey, Juan Pablo"]
[Result "0-1"]
[WhiteElo "1876"]
[BlackElo "1992"]
[PlyCount "134"]
[EventDate "2024.09.11"]
[EventType "team-tourn"]
[EventRounds "11"]
[EventCountry "HUN"]
[WhiteTeam "Sierra Leone"]
[BlackTeam "Aruba"]
[WhiteTeamCountry "SIE"]
[BlackTeamCountry "ARN"]

1. e4 c5 2. Nf3 a6 3. d4 cxd4 4. Nxd4 Nf6 5. Nc3 e5 6. Nf5 d5 7. Bg5 Bxf5 8. exf5 Bb4 9. a3 Bxc3+ 10. bxc3 Nbd7 $146 ({RR} 10... Qa5 11. Bd2 Ne4 12. Be2 Qc5 13. O-O Nxd2 14. Qxd2 Nd7 15. Qg5 O-O 16. Rab1 b5 17. Rb4 h6 18. Qg3 Nf6 19. Rh4 Kh7 20. Qh3 Rac8 21. c4 bxc4 22. g4 Ne4 23. g5 Nxg5 24. Qg4 Qe7 25. Kh1 {0-1 Gic,S (1716)-Brutovsky,F (1738) SVK-chT2D 1718 2017 (10.8)}) ({RR} 10... Qa5 11. Bd2 Ne4 12. c4 Nxd2 13. Qxd2 Qxd2+ 14. Kxd2 dxc4 15. Bxc4 Nd7 16. Rab1 Nc5 17. Ke3 f6 18. Rhd1 Rd8 19. Bd5 Ke7 20. Rb6 Rd7 21. c4 Rc8 22. Rdb1 Rcc7 23. f4 exf4+ 24. Kd4 Kd8 25. Re1 {1-0 Nunez V,G (2226)-Glek,I (2394) Titled Tue 20th Aug Late 2024 (11)}) ({RR} 10... Qa5 11. Bd2 Ne4 12. c4 Qxd2+ 13. Qxd2 Nxd2 14. Kxd2 d4 15. c3 Nc6 16. Re1 O-O-O 17. Bd3 Rhe8 18. Re4 dxc3+ 19. Kxc3 Nd4 20. Rhe1 f6 21. f4 Nc6 22. Bc2 Rd4 23. Ba4 Kc7 24. Bxc6 Kxc6 25. fxe5 {½-½ Xavier,N-Ferreira,M Salvador FBX 5th 2011 (6.2)}) 11. Be2 Qc7 12. Qd3 Rc8 13. Bd2 O-O 14. O-O Nc5 15. Qh3 Nce4 16. Be3 Nxc3 17. Bf3 e4 18. Bg4 Qc4 19. Rfe1 d4 20. Bg5 Nxg4 21. Qxg4 f6 22. Bd2 Rfe8 23. h4 e3 24. fxe3 dxe3 25. Qh5 Qf7 26. Qxf7+ Kxf7 27. Bxe3 Nd5 28. Bf2 Rxc2 29. Rad1 Rxe1+ 30. Bxe1 Re2 31. Bf2 Re5 32. g4 Nc3 33. Rd7+ Re7 34. Rd8 Ne4 35. Be1 Re8 36. Rd7+ Re7 37. Rd8 b6 38. Bb4 Re8 39. Rd7+ Kg8 40. a4 a5 41. Be7 Nc5 42. Rc7 h6 43. Kg2 Nxa4 44. Kf3 Nc3 45. Rd7 Nd5 46. Bd8 Re3+ 47. Kf2 Re5 48. Rb7 a4 49. Bxb6 Nxb6 50. Rxb6 Ra5 51. Rb2 a3 52. Ra2 Kf7 53. Ke3 Ra4 54. Kd2 Ke7 55. Kc2 Kf7 56. Kb1 Rxg4 57. Rxa3 Rxh4 58. Ra7+ Kg8 59. Kc2 Rd4 60. Ra8+ Kh7 61. Ra5 h5 62. Kc3 Rd7 63. Kc4 Kh6 64. Ra8 Kg5 65. Rh8 Kxf5 66. Rxh5+ g5 67. Rh1 g4 0-1

[Event "45th Olympiad Budapest 2024"]
[Site "Budapest"]
[Date "2024.09.19"]
[Round "8"]
[Board "2"]
[White "Stetsenko, Ilya"]
[Black "Winston Gerald, Mansfield Thomas"]
[Result "1-0"]
[WhiteElo "1903"]
[BlackElo "1950"]
[PlyCount "77"]
[EventDate "2024.09.11"]
[EventType "team-tourn"]
[EventRounds "11"]
[EventCountry "HUN"]
[WhiteTeam "Aruba"]
[BlackTeam "Sierra Leone"]
[WhiteTeamCountry "ARN"]
[BlackTeamCountry "SIE"]

1. d4 Nf6 2. c4 d6 3. Nc3 c6 4. e4 Qa5 5. f3 e6 $146 ({RR} 5... e5 6. Be3 Be7 7. Nge2 Nbd7 8. Qd2 Nf8 9. a3 Qc7 10. Rc1 Ng6 11. b4 O-O 12. Ng3 a5 13. Bd3 axb4 14. axb4 d5 15. Nce2 dxc4 16. Bxc4 Ra4 17. Rb1 Qd6 18. Qc2 Rxb4 19. Rd1 exd4 20. Nxd4 {½-½ Mrkos,M (2120)-Benes,P (2230) CZE-chT2 9899 1998}) ({RR} 5... e5 6. Be3 Be7 7. Qd2 a6 8. Nge2 b5 9. Nc1 O-O 10. a3 Qc7 11. d5 bxc4 12. Bxc4 Bb7 13. N1e2 Nbd7 14. Rc1 c5 15. O-O Nb6 16. Ba2 a5 17. b4 axb4 18. axb4 c4 19. Qb2 Nfd7 20. Nb5 {1-0 Alvarez Fernandez,C (2331)-Garcia Carey,O (2326) Guillermo Garcia Memorial-D 28th 2019 (3)}) ({RR} 5... e5 6. d5 cxd5 7. cxd5 a6 8. Be3 Nbd7 9. a3 Be7 10. Nge2 O-O 11. g4 b5 12. Qd2 Qc7 13. Ng3 Nc5 14. Rd1 Nb3 15. Qc2 Na5 16. g5 Ne8 17. h4 Nc4 18. Bc1 f6 19. Nf5 Bxf5 20. exf5 {1-0 Ynojosa,F (2398)-Winston Gerald,M (1950) 45th Olympiad 2024 (1.67)}) ({RR} 5... e5 6. d5 Be7 7. Be3 c5 8. Bd3 Na6 9. Nge2 Bd7 10. O-O Nc7 11. Bd2 Qa6 12. a4 b6 13. Qb3 Rb8 14. Ra3 Qb7 15. Qc2 O-O 16. Ng3 Na6 17. Be3 Nb4 18. Qe2 Nxd3 19. Qxd3 a6 20. Rb1 {0-1 Daamen,F-Vogelenzang,P NED Open-ch13 1982 (5)}) ({RR} 5... Nbd7 6. a3 e5 7. b4 Qc7 8. Be3 a6 9. d5 cxd5 10. Nxd5 Nxd5 11. cxd5 Qc3+ 12. Bd2 Qd4 13. Rc1 Be7 14. Qb3 Bd8 15. Be3 Bh4+ 16. g3 Bg5 17. Bxd4 Bxc1 18. Be3 Bxe3 19. Qxe3 b5 20. Bh3 {1-0 Gulliksen,L-Gestrich,W Wch Seniors 10th 2000 (11)}) 6. Be3 d5 7. cxd5 exd5 8. e5 Ng8 9. a3 Be6 10. b4 Qd8 11. Bd3 Nd7 12. f4 g6 13. Nf3 Nb6 14. Nd2 Nh6 15. Qe2 Nf5 16. O-O a6 17. Nb3 Rb8 18. Nc5 Qe7 19. Nxe6 Qxe6 20. Bf2 h5 21. g3 Be7 22. Kg2 h4 23. g4 h3+ 24. Kh1 Nh6 25. Rg1 Nc4 26. Qf3 Bf8 27. f5 gxf5 28. gxf5 Qe7 29. e6 fxe6 30. fxe6 Kd8 31. Nxd5 cxd5 32. Qxd5+ Nd6 33. Be3 Rg8 34. Rxg8 Nxg8 35. Bg5 Qxg5 36. Qxg5+ Ne7 37. Rf1 Rc8 38. Rxf8+ Ne8 39. Bg6 1-0

[Event "45th Olympiad Budapest 2024"]
[Site "Budapest"]
[Date "2024.09.19"]
[Round "8"]
[Board "3"]
[White "Adeshole Beckley, Brian"]
[Black "Pesqueira, Jose"]
[Result "0-1"]
[WhiteElo "1814"]
[BlackElo "1880"]
[PlyCount "58"]
[EventDate "2024.09.11"]
[EventType "team-tourn"]
[EventRounds "11"]
[EventCountry "HUN"]
[WhiteTeam "Sierra Leone"]
[BlackTeam "Aruba"]
[WhiteTeamCountry "SIE"]
[BlackTeamCountry "ARN"]

1. d4 Nf6 2. c4 b6 3. Nf3 Bb7 4. Nc3 e6 5. Bg5 h6 6. Bh4 Bb4 7. a3 Bxc3+ 8. bxc3 g5 9. Bg3 d6 10. e3 Ne4 11. Qc2 Nd7 12. Bd3 $146 ({RR} 12. Nd2 f5 13. f3 Nxg3 14. hxg3 Qf6 15. Bd3 O-O-O 16. Kf2 h5 17. e4 f4 18. Nf1 fxg3+ 19. Nxg3 h4 20. Nf1 Rdf8 21. Ne3 Qf4 22. Ke2 Nf6 23. Raf1 Nh5 24. Rh3 Ng3+ 25. Rxg3 Qxg3 26. Rf2 Qf4 {0-1 Martin,D (1889)-Pautz,P (2034) Bremen-ch op 2013 (8)}) ({RR} 12. Nd2 f5 13. Nxe4 Bxe4 14. Qb3 Qf6 15. f3 Bc6 16. Be2 h5 17. Bf2 h4 18. O-O-O O-O-O 19. Rhf1 e5 20. Bg1 Qg6 21. g4 hxg3 22. hxg3 g4 23. fxg4 fxg4 24. Rd2 Rdf8 25. Rxf8+ Rxf8 26. Bd3 Be4 {0-1 Cast,A (2089)-Blackburn,J (2206) WLS-ch Hensol Park 2007 (5)}) 12... f5 13. Qb3 Qf6 14. Bxe4 Bxe4 15. d5 exd5 16. h3 dxc4 17. Qxc4 Nc5 18. O-O-O O-O-O 19. Kb2 h5 20. h4 g4 21. Ng5 Bxg2 22. Rhg1 Bf3 23. Rd4 Bb7 24. Nf7 d5 25. Nxd8 dxc4 26. Rgd1 Nd3+ 27. R4xd3 cxd3 28. Nxb7 Kxb7 29. Rxd3 Rd8 0-1

[Event "45th Olympiad Budapest 2024"]
[Site "Budapest"]
[Date "2024.09.19"]
[Round "8"]
[Board "4"]
[White "Antonio, Kyell-Jean"]
[Black "Abdul, Rahman Toronka"]
[Result "1-0"]
[WhiteElo "1763"]
[BlackElo "1557"]
[PlyCount "109"]
[EventDate "2024.09.11"]
[EventType "team-tourn"]
[EventRounds "11"]
[EventCountry "HUN"]
[WhiteTeam "Aruba"]
[BlackTeam "Sierra Leone"]
[WhiteTeamCountry "ARN"]
[BlackTeamCountry "SIE"]

1. e4 e5 2. Nf3 d6 3. Bc4 h6 4. O-O Nf6 5. d3 ({RR} 5. d4 exd4 6. Nxd4 Be7 7. Re1 O-O 8. Nc3 c5 9. Nf5 Bxf5 10. exf5 Nc6 11. Nd5 b6 12. Bb5 Ne5 13. Nxe7+ Qxe7 14. f4 Rfd8 15. fxe5 dxe5 16. Qe2 e4 17. Bc6 Rac8 18. Bxe4 Re8 19. Bf3 Qd7 {1-0 Dervishi,E (2315)-Potter,B Olympiad-31 Moscow 1994 (1.4)}) 5... c6 ({RR} 5... a6 6. Nc3 Nbd7 7. Be3 Be7 8. Qd2 Ng4 9. Rad1 Nxe3 10. Qxe3 Nb6 11. Bb3 Bg4 12. Rd2 Bxf3 13. Qxf3 O-O 14. Ne2 Bg5 15. Rdd1 c5 16. c3 a5 17. d4 c4 18. Bc2 Bf6 19. dxe5 Bxe5 20. Rd2 {1-0 Shtepa,L-Lillico,M Canadian Closed Women 2023 (5.10)}) 6. Bb3 $146 ({RR} 6. h3 b5 7. Bb3 a5 8. a4 b4 9. c3 Ba6 10. Be3 Be7 11. cxb4 axb4 12. Qd2 c5 13. Qc2 Nc6 14. Nbd2 O-O 15. Rfc1 Nd4 16. Bxd4 exd4 17. Nf1 Nh5 18. Qd2 Qd7 19. Bd1 g5 20. Nxd4 Nf4 {1-0 Silva,G (1906)-Romanets,Y Lisbon Cup 26th 2015 (1)}) ({RR} 6. c3 Bg4 7. Re1 Be7 8. Nbd2 O-O 9. h3 Be6 10. Bxe6 fxe6 11. Qb3 Qd7 12. Nf1 Na6 13. a4 Kh7 14. d4 exd4 15. cxd4 c5 16. e5 Nd5 17. exd6 Bxd6 18. dxc5 Nxc5 19. Qc2+ Kg8 20. Ne3 Nxe3 {1-0 Savic,P (2072)-Jovic,Z Srpska Republic-chT 1st League 2017 (7.4)}) ({RR} 6. Nc3 d5 7. exd5 cxd5 8. Bb5+ Nbd7 9. Nxe5 Bd6 10. Nxd7 Nxd7 11. Re1+ Be7 12. Nxd5 {1-0 Salzberg,G-Blankenhagen,S Bad Zwesten op 1st 1997 (3)}) 6... Qc7 7. Re1 Nbd7 8. Nbd2 Nc5 9. h3 Nxb3 10. Nxb3 Be6 11. Nbd2 Be7 12. c3 g5 13. Nh2 h5 14. Ndf1 Ng8 15. Ng3 h4 16. Ngf1 f5 17. exf5 Bxf5 18. Ne3 Be6 19. Neg4 Nh6 20. d4 O-O-O 21. dxe5 dxe5 22. Qe2 Nxg4 23. Nxg4 Bxg4 24. Qxg4+ Kb8 25. Re4 Rhg8 26. Be3 Bf6 27. Kf1 Qd7 28. Ke1 Qxg4 29. Rxg4 b5 30. Rd1 Rxd1+ 31. Kxd1 a6 32. Ke2 Kc7 33. Kf3 Kd6 34. Ke4 Ke6 35. g3 Rg7 36. gxh4 gxh4 37. Rxg7 Bxg7 38. Bg5 Bf6 39. Bxf6 Kxf6 40. f4 exf4 41. Kxf4 Kg6 42. Kg4 Kh6 43. Kxh4 Kg6 44. Kg4 Kh6 45. b3 a5 46. c4 bxc4 47. bxc4 c5 48. Kf5 Kh5 49. Ke5 Kh4 50. Kd5 Kxh3 51. Kxc5 Kg4 52. Kd5 Kg5 53. c5 Kf6 54. Kd6 Kf7 55. Kd7 1-0

[Event "45th Olympiad Budapest 2024"]
[Site "Budapest"]
[Date "2024.09.19"]
[Round "8"]
[Board "1"]
[White "Murphy, Jones"]
[Black "Righi, Ezio"]
[Result "0-1"]
[WhiteElo "2021"]
[BlackElo "1909"]
[PlyCount "78"]
[EventDate "2024.09.11"]
[EventType "team-tourn"]
[EventRounds "11"]
[EventCountry "HUN"]
[WhiteTeam "Dominica"]
[BlackTeam "San Marino"]
[BlackTeamCountry "SMR"]

1. e4 c5 2. c4 Nc6 3. Ne2 e5 4. Nbc3 d6 5. d3 Be7 6. g3 f5 7. Bg2 Nf6 8. f4 O-O 9. O-O fxe4 ({RR} 9... Nd4 10. fxe5 dxe5 11. Nd5 fxe4 12. Nxd4 Nxd5 13. Rxf8+ Qxf8 14. cxd5 cxd4 15. Bxe4 Bf5 16. Bd2 Qf7 17. Qf3 Rf8 18. Rf1 g6 19. Bxf5 Qxf5 20. Qe2 Qc8 21. Rxf8+ Bxf8 22. Qxe5 Kf7 23. Bg5 Qd7 24. Qf6+ {½-½ Zubarev,A (2372)-Adly,A (2596) Sharjah Rapid 2023 (7.4)}) 10. dxe4 Kh8 $146 ({RR} 10... Nd4 11. Qd3 a6 12. Nd5 Nxd5 13. exd5 Bf5 14. Be4 Bxe4 15. Qxe4 Nxe2+ 16. Qxe2 Bf6 17. Be3 Qd7 18. Rae1 Rae8 19. Qd2 b5 20. b4 exf4 21. Rxf4 cxb4 22. Qxb4 Be5 23. Rxf8+ Rxf8 24. cxb5 Qxb5 25. Qxb5 {0-1 Melchers,D (1952)-Lasota,A (1913) Warsaw YMCA Summer 124th 2013 (4)}) ({RR} 10... Nd4 11. Qd3 a6 12. b3 Rb8 13. Bd2 Bd7 14. fxe5 dxe5 15. Nd5 b5 16. Nec3 b4 17. Ne2 Bg4 18. Nxd4 cxd4 19. Rac1 Nd7 20. Nxe7+ Qxe7 21. c5 Rxf1+ 22. Bxf1 Nxc5 23. Qc4+ Ne6 24. h3 Bh5 25. Qxa6 {½-½ Valdes Escobar,A (2330)-Perez,F (2186) Pan American-ch U20 2008 (4)}) 11. h3 Be6 12. Nd5 Nd4 13. f5 Bxd5 14. cxd5 b5 15. Be3 a5 16. Qd2 a4 17. g4 Qa5 18. Qd1 Rac8 19. g5 Nd7 20. Ng3 b4 21. Rf2 Qb5 22. Bf1 Qb7 23. Qxa4 Nb6 24. Qd1 Ra8 25. Qh5 Bd8 26. Qd1 Ra5 27. a4 bxa3 28. bxa3 Qa7 29. Qh5 Nd7 30. Bxd4 cxd4 31. Rfa2 d3+ 32. Kg2 Qe3 33. h4 Bb6 34. Qf3 d2 35. Be2 Rfa8 36. Qxe3 Bxe3 37. Nf1 Bd4 38. Rb1 Kg8 39. Rxd2 Rxa3 0-1